Main Players for Each Team at Copa America 2024 - Statistics

General Stats
  • This quiz has been taken 71 times
  • The average score is 33 of 83
Answer Stats
Country Answer % Correct
Argentina Captain Lionel Messi
99%
Argentina Most Caps 183 Lionel Messi
99%
Argentina Most Goals 108 Lionel Messi
99%
Brazil Most Valuable €180.00m Vinicius Junior
93%
Uruguay Most Caps 138 Luis Suárez
87%
Uruguay Most Goals 68 Luis Suárez
87%
Canada Captain Alphonso Davies
83%
Canada Most Valuable €50.00m Alphonso Davies
83%
United States Captain Christian Pulisic
82%
United States Most Caps 68 Christian Pulisic
82%
United States Most Goals 29 Christian Pulisic
82%
United States Most Valuable €40.00m Christian Pulisic
82%
Colombia Captain James Rodríguez
80%
Colombia Most Goals 27 James Rodríguez
80%
Argentina Most Valuable €110.00m Lautaro Martínez
79%
Chile Most Caps 163 Alexis Sánchez
77%
Chile Most Goals 51 Alexis Sánchez
77%
Ecuador Manager Félix Sánchez
75%
Argentina Manager Lionel Scaloni
75%
Uruguay Most Valuable €120.00m Federico Valverde
70%
Canada Most Valuable €50.00m Jonathan David
69%
Ecuador Captain Enner Valencia
68%
Ecuador Most Caps 86 Enner Valencia
68%
Ecuador Most Goals 41 Enner Valencia
68%
Ecuador Most Valuable €75.00m Moisés Caicedo
63%
Mexico Most Valuable €40.00m Santiago Gimenez
63%
Uruguay Captain José María Giménez
62%
Brazil Most Caps 85 `Marquinhos
62%
Colombia Most Valuable €75.00m Luis Díaz
55%
Panama Most Goals 9 Ismael Díaz
52%
Mexico Captain Edson Álvarez
51%
Mexico Most Caps 78 Edson Álvarez
51%
Venezuela Most Goals 41 Salomón Rondón
42%
Bolivia Most Valuable €1.00m Roberto Fernández
39%
Costa Rica Most Caps 139 Joel Campbell
38%
Costa Rica Most Goals 27 Joel Campbell
38%
Mexico Manager Jaime Lozano
35%
Brazil Captain Danilo
34%
Colombia Most Caps 128 David Ospina
34%
Uruguay Manager Marcelo Bielsa
34%
Brazil Most Goals 10 Lucas Paquetá
31%
Peru Captain Paolo Guerrero
31%
Peru Most Caps 119 Paolo Guerrero
31%
Peru Most Goals 39 Paolo Guerrero
31%
Chile Captain Claudio Bravo
30%
United States Manager Gregg Berhalter
30%
Paraguay Most Valuable €22.00m Julio Enciso
30%
Canada Most Goals 29 Cyle Larin
25%
Canada Manager Jesse Marsch
24%
Venezuela Most Valuable €25.00m Yangel Herrera
21%
Paraguay Captain Gustavo Gómez
17%
Paraguay Most Caps 74 Gustavo Gómez
17%
Peru Most Valuable €3.00m Marcos López
17%
Chile Manager Ricardo Gareca
17%
Brazil Manager Dorival Júnior
15%
Jamaica Captain Andre Blake
14%
Jamaica Most Caps 72 Andre Blake
14%
Jamaica Most Valuable €12.00m Ethan Pinnock
14%
Canada Most Caps 72 Jonathan Osorio
13%
Venezuela Captain Tomás Rincón
13%
Venezuela Most Caps 132 Tomás Rincón
13%
Colombia Manager Néstor Lorenzo
11%
Chile Most Valuable €10.00m Guillermo Maripán
10%
Costa Rica Manager Gustavo Alfaro
10%
Costa Rica Most Valuable €7.50m Manfred Ugalde
10%
Mexico Most Goals 13 Uriel Antuna
10%
Panama Most Valuable €4.50m Adalberto Carrasquilla
8%
Bolivia Most Caps 55 Carlos Lampe
8%
Paraguay Most Goals 9 Derlis González
8%
Panama Most Caps 87 Eric Davis
8%
Venezuela Manager Fernando Batista
8%
Costa Rica Captain Francisco Calvo
8%
Bolivia Manager Antônio Carlos Zago
7%
Paraguay Manager Daniel Garnero
7%
Jamaica Manager Heimir Hallgrímsson
7%
Peru Manager Jorge Fossati
7%
Jamaica Most Goals 19 Shamar Nicholson
7%
Bolivia Captain Luis Haquín
6%
Panama Manager Thomas Christiansen
6%
Panama Most Goals 9 José Fajardo
4%
Peru Most Valuable €3.00m Luis Abram
4%
Bolivia Most Goals 7 Rodrigo Ramallo
4%
Panama Captain Yoel Bárcenas
4%
No matching quizzes found
Score Distribution
Percent of People with Each Score
Percentile by Number Answered
Your Score History
You have not taken this quiz